| 000 | 01147nam a2200253 i 4500 | ||
|---|---|---|---|
| 001 | 114883 | ||
| 003 | ES-MaACL | ||
| 005 | 20230906190256.0 | ||
| 007 | t| | ||
| 008 | 070206s1919 sp ||||1| spa d | ||
| 080 | _a930.25(468.11 S.)Arch. Indias | ||
| 100 | 1 |
_aLatorre, Germán. _970531 |
|
| 245 | 1 | 0 |
_aRelaciones geográficas de Indias (contenidas en el Archivo General de Indias de Sevilla) _b: La Hispano-América del siglo XVI: Colombia-Venezuela-Puerto Rico-República Argentina / _cGermán Latorre. |
| 260 |
_aSevilla : _b[s.n.], _c1919. |
||
| 300 |
_a153 p. : _bil., 3 map. pleg. ; _c27 cm. |
||
| 490 | 1 |
_aPublicaciones del Centro Oficial de Estudios Americanistas de Sevilla . Biblioteca colonial americana ; _v3 |
|
| 500 | _aPrecede al Tít.: Archivo General de Indias. | ||
| 610 | 2 |
_aArchivo General de Indias- _xCatálogos. _91431 |
|
| 651 |
_aAmérica española- _xDescripción. _9151191 |
||
| 710 | 2 |
_aArchivo General de Indias. _9149748 |
|
| 830 | 0 |
_aPublicaciones del Centro Oficial de Estudios Americanistas de Sevilla . Biblioteca colonial americana ; _v3 _9185793 |
|
| 852 |
_aES-MaACL _jE-4439 |
||
| 999 |
_c114883 _d114883 |
||